000 00927nam a2200217 i 4500
001 49308
003 ES-MaACL
005 20250712062546.0
007 t|
008 030714s1960 sp ||||1| spa d
080 _a016:929(460.32)
100 1 _aCortés y Cruells, Rafael Ignacio.
_940909
245 1 0 _aDatos sobre escritores mallorquines o vinculados a Mallorca existentes en mi archivo /
_cRafael Ignacio Cortés y Cruells ; prólogo de Camilo José Cela ; dibujos a plumilla por la niña de 13 años Mª de la Concepción Cortés "Chitín".
260 _aPalma de Mallorca :
_b[s.n.],
_c1960 (
_fImp. Mossèn Alcover)
300 _a182 p., 32 lám. :
_bil., 1 mapa ;
_c27 cm.
650 4 _aEscritores españoles-
_zMallorca-
_vBiobibliografías.
_9174022
700 1 _aCela, Camilo José,
_d1916-2002
_937336
700 1 _aCortés, María de la Concepción.
_940870
852 4 _aES-MaACL
_jG-4490
999 _c49308
_d49308